00459nam a2200157Ia 450000500170000000800410001708200130005810000230007124500270009426000370012130000130015865000100017194200060018195200990018799900150028620250508041046.0240331s9999 xx 000 0 und d bBALa891 aBalasubramaniam, R 0aThames nathik karaiyil aMadrasbKumaran Publishersc1992 a216 p ., aNovel cL 001040708LaWERCLbWERCLcSSCd2024-03-31l0o 894.811 BALp4816r2024-03-31w2024-03-31yL c4308d4308